000 00468nam a2200133Ia 4500
005 20260209120136.0
008 260209s9999||||xx |||||||||||||| ||und||
100 _aAmitabh Srivastava
245 2 _aA critical analysis banking ombudsman scheme in India
260 _aBangaloreBangalore
_bNLSIU
_c2016
300 _a136 p. ; 25 cm.
700 _aProf. (Dr.) Ashok R Patil - GuideProf. (Dr.) Ashok R Patil - Guide
856 _uhttps://dans.nls.ac.in/handle/123456789/1646
999 _c217244
_d217244